"And Starring" Movie Roles: Marvel Cinematic Universe - Statistics

General Stats
  • This quiz has been taken 80 times
    29 since last reset
  • The average score is 8 of 37
Answer Stats
Movie ...and % Correct
Spider-Man: Homecoming Robert Downey Jr.
71%
Iron Man 2 Samuel L. Jackson
50%
The Avengers Samuel L. Jackson
50%
Captain America: The Winter Soldier Samuel L. Jackson
50%
Avengers: Age of Ultron Samuel L. Jackson
50%
Avengers: Endgame Samuel L. Jackson
50%
The Marvels Samuel L. Jackson
50%
Thor Anthony Hopkins
38%
Thor: The Dark World Anthony Hopkins
38%
Thor: Ragnarok Anthony Hopkins
38%
Ant-Man Michael Douglas
29%
Ant-Man and the Wasp Michael Douglas
29%
Ant-Man and the Wasp: Quantumania Michael Douglas
29%
Spider-Man: No Way Home Andrew Garfield
13%
Black Panther: Wakanda Forever Angela Bassett
13%
Eternals Angelina Jolie
13%
Avengers: Infinity War Chris Pratt
13%
Iron Man Gwyneth Paltrow
13%
Spider-Man: Far From Home Jake Gyllenhaal
13%
Captain Marvel Jude Law
13%
Guardians of the Galaxy Vol. 2 Kurt Russell
13%
Thor: Love and Thunder Natalie Portman
13%
Doctor Strange Tilda Swinton
13%
Spider-Man: No Way Home Tobey Maguire
13%
The Incredible Hulk William Hurt
13%
Black Panther Andy Serkis
8%
Guardians of the Galaxy Benicio del Toro
8%
Captain America: Civil War Daniel Brühl
8%
Captain America: Brave New World Harrison Ford
8%
Iron Man 3 Ben Kingsley
4%
Thunderbolts* Julia Louis-Dreyfus
4%
Black Widow Rachel Weisz
4%
Captain America: The First Avenger Stanley Tucci
4%
Guardians of the Galaxy Vol. 3 Sylvester Stallone
4%
Deadpool & Wolverine Matthew Macfadyen
0%
Doctor Strange in the Multiverse of Madness Rachel McAdams
0%
Shang-Chi and the Legend of the Ten Rings Tony Leung
0%
No matching quizzes found
Score Distribution
Percent of People with Each Score
Percentile by Number Answered
Your Score History
You have not taken this quiz since the last reset